000 01828nam2a2200325 4500
001 rc\2913485
005 20260315054318.0
035 _a(NLR Aleph) 007064048
090 _a13593613
_c13593613
100 _a20080123d1934 u y0rusy50 ca
101 0 _arus
102 _aRU
105 _ay z |||||
200 0 _aСборник 1
_fА. Бусыгин, Г. Кац, П. Кофанов, Л. Шемшелевич, Г. Шолохов-Синявский, П. Яковлев
210 _d1934
215 _a158, [2] с.
300 _aНа обл. "А.В. Васильев, А.О. Гербстман, А.М. Линин, Н.Н. Сретенский. Писатели Азово-Черноморского края"
461 0 _1001rc\2913484
_12000#$aКритические очерки о писателях Азово-Черноморского края$eСборник 1-$fАзово-Черномор. оргком. Союза совет. писателей$vСборник 1
_96314685
_cРостов н/Д
_d1934
_fАзово-Черномор. оргком. Союза совет. писателей
_nАзово-Черномор. краев. изд-во
_oСборник 1-
_tКритические очерки о писателях Азово-Черноморского края
_vСборник 1
512 0 0 _aА.В. Васильев, А.О. Гербстман, А.М. Линин, Н.Н. Сретенский. Писатели Азово-Черноморского края
700 1 _aБусыгин
_bА.
701 1 _aКац
_bГ.
701 1 _aКофанов
_bП.
701 1 _aШемшелевич
_bЛ.
701 1 _aШолохов-Синявский
_bГ.
701 1 _aЯковлев
_bП.
801 0 _aRU
_bNLR
_gpsbo
801 1 _aRU
_bELAR
_2rusmarc
852 _aNLR
_j34-16/232(1)
942 _cUNSPEC
980 _aNB